[Event "Maastricht Limburg op-A 9th"]
[Site "Maastricht"]
[Date "2015.05.25"]
[Round "7"]
[White "Keetman, Maaike"]
[Black "Merx, Bob"]
[Result "1-0"]
[WhiteElo "2194"]
[BlackElo "2099"]
[PlyCount "67"]
[EventDate "2015.05.22"]
[EventType "swiss"]
[EventRounds "7"]
[EventCountry "NED"]
[SourceTitle "CBM 166 Extra"]
[Source "ChessBase"]
[SourceDate "2015.06.18"]
[SourceVersion "1"]
[SourceVersionDate "2015.06.18"]
[SourceQuality "1"]

1. e4 e5 2. Nf3 Nc6 3. Bc4 Bc5 4. d3 Nf6 5. 0-0 d6 6. c3 Bb6 7. Bb3 0-0 8. h3 Ne7 9. Nbd2 c6 10. Re1 Ng6 11. Nf1 Bc7 12. Ng3 d5 13. Bg5 Be6 14. d4 h6 15. Bxf6 Qxf6 16. Nh5 Qd8 17. Nxe5 Bxe5 18. dxe5 Qg5 19. Re3 Rad8 20. exd5 Bxd5 21. Bxd5 Rxd5 22. Qe2 Rxe5 23. Rxe5 Qxe5 24. Qxe5 Nxe5 25. Re1 Re8 26. Kf1 Re7 27. Ng3 Ng6 28. Rd1 Nf8 29. Nf5 Rd7 30. Rxd7 Nxd7 31. Ke2 h5 32. Nd6 Nc5 33. b4 Na4 34. Kd3 1-0

[Event "Maastricht Limburg op-A 9th"]
[Site "Maastricht"]
[Date "2015.05.25"]
[Round "6"]
[White "Merx, Bob"]
[Black "Schoorl, Rob"]
[Result "0-1"]
[WhiteElo "2099"]
[BlackElo "2334"]
[PlyCount "46"]
[EventDate "2015.05.22"]
[EventType "swiss"]
[EventRounds "7"]
[EventCountry "NED"]
[SourceTitle "CBM 166 Extra"]
[Source "ChessBase"]
[SourceDate "2015.06.18"]
[SourceVersion "1"]
[SourceVersionDate "2015.06.18"]
[SourceQuality "1"]

1. e4 e5 2. f4 exf4 3. Nf3 h6 4. d4 g5 5. g3 fxg3 6. hxg3 Bg7 7. Nc3 d6 8. Be3 Bg4 9. Bg2 Nc6 10. Qd2 Nge7 11. 0-0-0 Qd7 12. Rde1 0-0-0 13. Nh2 Bh5 14. d5 Ne5 15. Qd4 c5 16. dxc6 N7xc6 17. Qa4 Kb8 18. Nb5 a6 19. Nd4 Nd3+ 20. cxd3 Nxd4 21. Qxd7 Rxd7 22. Bxd4 Bxd4 23. Nf1 Bf2 0-1

[Event "EU-Cup 29th"]
[Site "Rhodes"]
[Date "2013.10.21"]
[Round "2.3"]
[White "Berry, Neil"]
[Black "Merx, Bob"]
[Result "1/2-1/2"]
[WhiteElo "2254"]
[BlackElo "2129"]
[PlyCount "85"]
[EventDate "2013.10.20"]
[EventType "team-swiss"]
[EventRounds "7"]
[EventCountry "GRE"]
[SourceTitle "CBM 157"]
[Source "ChessBase"]
[SourceDate "2013.11.12"]
[SourceVersion "1"]
[SourceVersionDate "2013.11.12"]
[SourceQuality "1"]
[WhiteTeam "Edinburgh"]
[BlackTeam "Voerendaal"]
[WhiteTeamCountry "SCO"]
[BlackTeamCountry "NED"]

1. d4 Nf6 2. c4 c5 3. d5 e6 4. Nc3 exd5 5. cxd5 d6 6. Nf3 g6 7. h3 Bg7 8. e4 0-0 9. Bd3 b5 10. Nxb5 Re8 11. 0-0 Nxe4 12. Re1 a6 13. Nc3 Nf6 14. Rxe8+ Nxe8 15. Bg5 Bf6 16. Qd2 Nd7 17. Qf4 Bxg5 18. Nxg5 Ne5 19. Bf1 Kg7 20. Re1 Bf5 21. Qg3 c4 22. Nge4 Rb8 23. Nxd6 Qxd6 24. Qxe5+ Qxe5 25. Rxe5 Nd6 26. Re2 h5 27. f3 h4 28. Rd2 Kf6 29. Kf2 Ke5 30. Nd1 Bb1 31. Nc3 Bf5 32. Ke3 g5 33. Be2 Rb6 34. Bf1 Rb8 35. Be2 Rb6 36. a3 Rb8 37. Bf1 Rb3 38. Kf2 Rb8 39. Be2 Rb6 40. Ke3 Rb8 41. Kf2 Rb6 42. Ke3 Rb8 43. Kf2 1/2-1/2

[Event "EU-Cup 27th"]
[Site "Rogaska Slatina"]
[Date "2011.09.27"]
[Round "3"]
[White "Merx, Bob"]
[Black "Csonka, Attila Istvan"]
[Result "0-1"]
[WhiteElo "2093"]
[BlackElo "2380"]
[PlyCount "84"]
[EventDate "2011.09.25"]
[EventType "team-swiss"]
[EventRounds "7"]
[EventCountry "SLO"]
[SourceTitle "CBM 145"]
[Source "ChessBase"]
[SourceDate "2011.11.11"]
[SourceVersion "1"]
[SourceVersionDate "2011.11.11"]
[SourceQuality "1"]
[WhiteTeam "Voerendaal"]
[BlackTeam "Haladas"]
[WhiteTeamCountry "NED"]
[BlackTeamCountry "HUN"]

1. e4 c6 2. d4 d5 3. Nd2 dxe4 4. Nxe4 Nf6 5. Nxf6+ gxf6 6. c3 Bf5 7. Ne2 e6 8. Ng3 Bg6 9. h4 h6 10. h5 Bh7 11. Bf4 Nd7 12. Bd3 Bxd3 13. Qxd3 Nb6 14. 0-0-0 Qd5 15. Kb1 0-0-0 16. Ne4 Be7 17. f3 f5 18. Nf2 Bd6 19. Bxd6 Rxd6 20. g4 fxg4 21. Nxg4 Qg5 22. Ne5 Qf6 23. Rhg1 Nd7 24. Qe4 Rd8 25. Rde1 Rd5 26. Kc1 Nxe5 27. dxe5 Qe7 28. Rd1 Rxd1+ 29. Rxd1 Qg5+ 30. f4 Rxd1+ 31. Kxd1 Qxh5+ 32. Kc1 Qh2 33. Qb4 Qg1+ 34. Kc2 Qg2+ 35. Kc1 Qg8 36. Qe7 Qg1+ 37. Kc2 Qf2+ 38. Kb3 Qxf4 39. Qf8+ Kc7 40. Qd6+ Kb6 41. Qd8+ Ka6 42. Qd3+ b5 0-1

[Event "Leiden op"]
[Site "Leiden"]
[Date "1994.02.11"]
[Round "1"]
[White "Sziva, Erika"]
[Black "Merx, Bob"]
[Result "1-0"]
[WhiteElo "2194"]
[BlackElo "2055"]
[PlyCount "55"]
[EventDate "1994.02.11"]
[EventType "swiss"]
[EventRounds "6"]
[EventCountry "NED"]
[SourceTitle "EXT 2003"]
[Source "ChessBase"]
[SourceDate "2002.11.25"]
[SourceVersion "1"]
[SourceVersionDate "2002.11.25"]
[SourceQuality "1"]

1. e4 e5 2. Nf3 Nc6 3. Bb5 a6 4. Ba4 Nf6 5. 0-0 Be7 6. Re1 b5 7. Bb3 0-0 8. c3 d5 9. exd5 Nxd5 10. Nxe5 Nxe5 11. Rxe5 c6 12. Bxd5 cxd5 13. d4 Bd6 14. Re3 Qh4 15. h3 Qf4 16. Re5 Qf6 17. Re1 Qg6 18. Qf3 Bf5 19. Be3 h5 20. Nd2 Rae8 21. Qxd5 Re6 22. Kh1 Rfe8 23. a4 Bf4 24. axb5 Bxe3 25. Rxe3 Rxe3 26. fxe3 Rxe3 27. bxa6 Bxh3 28. a7 1-0